00461nam a2200145 a 45000010005000000030005000050050017000100080041000270200015000680400026000831000027001092450106001362600040002424900033002821414CDMR20130315134233.0130130s1998||||||||||||||||||||||||||||d a8489727856 aCDMRbcatcCPC LLEIDA1 aArco Bravo, Isabel del10aHacia una escuela interculturalb: el profesorado : formación y expectativascIsabel del Arco Bravo aLleidac1998bUniversitat de Lleida0 aEducació i Món actualv7